[Event "Avoine op 30th"]
[Site "Avoine"]
[Date "2015.07.18"]
[Round "8"]
[White "Cau, Benjamin"]
[Black "Purenne, Benoit"]
[Result "1-0"]
[WhiteElo "2133"]
[BlackElo "2311"]
[PlyCount "79"]
[EventDate "2015.07.18"]
[EventType "swiss"]
[EventRounds "9"]
[EventCountry "FRA"]
[SourceTitle "EXT 2016"]
[Source "ChessBase"]
[SourceDate "2015.10.08"]
[SourceVersion "1"]
[SourceVersionDate "2015.10.08"]
[SourceQuality "1"]

1. e4 c6 2. d4 g6 3. Nc3 d5 4. f3 Bg7 5. Be3 Qb6 6. Qd2 Qxb2 7. Rb1 Qa3 8. exd5 Nf6 9. dxc6 bxc6 10. Bc4 Nbd7 11. Nge2 Nb6 12. Bd3 0-0 13. Qc1 Qa5 14. 0-0 Rd8 15. Bd2 Nbd5 16. Ne4 Qc7 17. c4 Nxe4 18. fxe4 Nb6 19. Be3 c5 20. d5 Nd7 21. Nc3 Ne5 22. Be2 Bg4 23. Nb5 Qd7 24. Bxg4 Qxg4 25. Bxc5 Rdc8 26. Bxe7 Rxc4 27. Qf4 Qe2 28. Nd6 Rc2 29. Rf2 Qd3 30. Rxc2 Qxc2 31. Qc1 Qxa2 32. Qf1 f6 33. h3 a5 34. Qb5 h5 35. Rf1 a4 36. Qb7 Ra5 37. Qc8+ Kh7 38. Qc7 Qd2 39. Bxf6 Qe3+ 40. Kh1 1-0

[Event "Avoine op 29th"]
[Site "Avoine"]
[Date "2014.07.27"]
[Round "9"]
[White "Okhotnik, Vladimir"]
[Black "Purenne, Benoit"]
[Result "1-0"]
[WhiteElo "2396"]
[BlackElo "2225"]
[PlyCount "73"]
[EventDate "2014.07.19"]
[EventType "swiss"]
[EventRounds "9"]
[EventCountry "FRA"]
[SourceTitle "CBM 161 Extra"]
[Source "ChessBase"]
[SourceDate "2014.08.29"]
[SourceVersion "1"]
[SourceVersionDate "2014.08.29"]
[SourceQuality "1"]

1. e4 c5 2. Nf3 g6 3. c3 Bg7 4. d4 cxd4 5. cxd4 d5 6. e5 Nh6 7. Bf4 Bg4 8. Bb5+ Nc6 9. Bxc6+ bxc6 10. Nbd2 0-0 11. h3 Bf5 12. 0-0 Qb6 13. Nb3 Be4 14. Ne1 f6 15. exf6 exf6 16. Qd2 g5 17. Bh2 Rfe8 18. Nc5 Bg6 19. Rc1 Nf7 20. b3 f5 21. h4 gxh4 22. Nf3 h3 23. gxh3 Rad8 24. Qc3 Bh6 25. Rce1 Re4 26. Nxe4 dxe4 27. Ne5 Nxe5 28. Bxe5 f4 29. Qc4+ Bf7 30. Qe2 c5 31. Qg4+ Qg6 32. dxc5 Qxg4+ 33. hxg4 Bd5 34. Rd1 Kf7 35. f3 exf3 36. c6 Ke6 37. Rfe1 1-0

[Event "Avoine op 29th"]
[Site "Avoine"]
[Date "2014.07.21"]
[Round "3"]
[White "Purenne, Benoit"]
[Black "Godart, Francois"]
[Result "1-0"]
[WhiteElo "2225"]
[BlackElo "2399"]
[PlyCount "107"]
[EventDate "2014.07.19"]
[EventType "swiss"]
[EventRounds "9"]
[EventCountry "FRA"]
[SourceTitle "CBM 161 Extra"]
[Source "ChessBase"]
[SourceDate "2014.08.29"]
[SourceVersion "1"]
[SourceVersionDate "2014.08.29"]
[SourceQuality "1"]

1. Nf3 Nf6 2. d4 d5 3. c4 dxc4 4. Nc3 a6 5. a4 Nc6 6. e4 Bg4 7. d5 Ne5 8. Bf4 Ng6 9. Bg3 e5 10. Bxc4 Bd6 11. h3 Bd7 12. Nd2 0-0 13. 0-0 Ne8 14. Be2 Qg5 15. Nc4 Bc5 16. Kh2 Bd4 17. Bg4 Bxg4 18. Qxg4 Qxg4 19. hxg4 Nd6 20. Nxd6 cxd6 21. Ne2 Bxb2 22. Rab1 Ba3 23. Rxb7 Rac8 24. Ra1 Bc5 25. Rab1 Rfe8 26. Rd7 Nf8 27. Rdb7 Ng6 28. Rd7 Red8 29. Rxd8+ Rxd8 30. Nc1 Nf4 31. Bxf4 exf4 32. Nd3 Bd4 33. Rb4 Ba7 34. Rb7 Bd4 35. f3 g5 36. Nb4 Ra8 37. Nc6 Bc5 38. g3 fxg3+ 39. Kxg3 Kg7 40. f4 h6 41. e5 gxf4+ 42. Kxf4 dxe5+ 43. Nxe5 Rf8 44. Kf5 Bd6 45. Nc4 Bh2 46. d6 Rc8 47. Ne5 Bxe5 48. Kxe5 Rc1 49. Rb6 Re1+ 50. Kd5 Kf6 51. Rxa6 Rd1+ 52. Kc6 Ke6 53. Kc7 Rd4 54. Rc6 1-0

[Event "Avoine op 29th"]
[Site "Avoine"]
[Date "2014.07.20"]
[Round "2"]
[White "Purenne, Benoit"]
[Black "Dreux, Vincent"]
[Result "1-0"]
[WhiteElo "2225"]
[BlackElo "1935"]
[PlyCount "35"]
[EventDate "2014.07.19"]
[EventType "swiss"]
[EventRounds "9"]
[EventCountry "FRA"]
[SourceTitle "CBM 161 Extra"]
[Source "ChessBase"]
[SourceDate "2014.08.29"]
[SourceVersion "1"]
[SourceVersionDate "2014.08.29"]
[SourceQuality "1"]

1. Nf3 d5 2. d4 Nf6 3. e3 Bg4 4. h3 Bh5 5. g4 Bg6 6. Ne5 Nbd7 7. h4 h5 8. Nxg6 fxg6 9. Bd3 Kf7 10. g5 Ne4 11. Qf3+ Kg8 12. Nd2 e5 13. Nxe4 dxe4 14. Bxe4 Qe8 15. Bd5+ Kh7 16. Bf7 Qe7 17. Qxh5+ gxh5 18. g6+ 1-0

[Event "Plancoet op-A 10th"]
[Site "Plancoet"]
[Date "2013.08.01"]
[Round "7"]
[White "Das, Arghyadip"]
[Black "Purenne, Benoit"]
[Result "1-0"]
[WhiteElo "2493"]
[BlackElo "2223"]
[PlyCount "53"]
[EventDate "2013.07.28"]
[EventType "swiss"]
[EventRounds "9"]
[EventCountry "FRA"]
[SourceTitle "EXT 2017"]
[Source "ChessBase"]
[SourceDate "2016.10.25"]
[SourceVersion "1"]
[SourceVersionDate "2016.10.25"]
[SourceQuality "1"]

1. e4 c5 2. Nf3 g6 3. d4 cxd4 4. Nxd4 Nc6 5. Nc3 Bg7 6. Be3 Nf6 7. Bc4 0-0 8. Bb3 a5 9. 0-0 a4 10. Nxa4 Nxe4 11. Nb5 d5 12. c3 e5 13. Bb6 Qg5 14. Qxd5 Bf5 15. Rfe1 Nf6 16. Qf3 Bg4 17. Qe3 Qh5 18. h3 Bf5 19. Nd6 Bh6 20. Qe2 Qh4 21. Nc5 Bf4 22. Nce4 Nxe4 23. Nxe4 Bxh3 24. gxh3 Qxh3 25. f3 Kh8 26. Qg2 Qh6 27. Bc5 1-0

[Event "Avoine op 28th"]
[Site "Avoine"]
[Date "2013.07.22"]
[Round "3"]
[White "Lazarev, Vladimir"]
[Black "Purenne, Benoit"]
[Result "1/2-1/2"]
[WhiteElo "2410"]
[BlackElo "2223"]
[PlyCount "45"]
[EventDate "2013.07.20"]
[EventType "swiss"]
[EventRounds "9"]
[EventCountry "FRA"]
[SourceTitle "CBM 155 Extra"]
[Source "ChessBase"]
[SourceDate "2013.08.26"]
[SourceVersion "1"]
[SourceVersionDate "2013.08.26"]
[SourceQuality "1"]

1. d4 Nf6 2. c4 c5 3. d5 b5 4. cxb5 a6 5. bxa6 e6 6. Nc3 exd5 7. Nxd5 Bxa6 8. g3 Nxd5 9. Qxd5 Nc6 10. Bg5 Be7 11. Bxe7 Qxe7 12. Rc1 0-0 13. Qxc5 Qe4 14. f3 Qe8 15. Kf2 Ne5 16. Qd4 Nc6 17. Qc5 Ne5 18. Qd4 Nc6 19. Qc5 Ne5 20. Qd4 Nc6 21. Qc5 Ne5 22. Qd6 Bb7 23. Qb4 1/2-1/2

[Event "Naujac op"]
[Site "Naujac"]
[Date "2013.07.03"]
[Round "5"]
[White "Purenne, Benoit"]
[Black "Roussel, Glenn"]
[Result "1-0"]
[WhiteElo "2223"]
[BlackElo "1911"]
[PlyCount "135"]
[EventDate "2013.06.30"]
[EventType "swiss"]
[EventRounds "9"]
[EventCountry "FRA"]
[SourceTitle "CBM 155 Extra"]
[Source "ChessBase"]
[SourceDate "2013.08.26"]
[SourceVersion "1"]
[SourceVersionDate "2013.08.26"]
[SourceQuality "1"]

1. Nf3 Nf6 2. c4 g6 3. g3 b6 4. Bg2 Bb7 5. 0-0 Bg7 6. Nc3 0-0 7. Qc2 c5 8. e4 Nc6 9. d3 d6 10. h3 e5 11. Bg5 Qd7 12. Qd2 Ne8 13. Nh4 Nc7 14. Bh6 Nd4 15. Bxg7 Kxg7 16. f4 f5 17. fxe5 dxe5 18. Rae1 Rae8 19. Kh2 a6 20. b3 Bc6 21. exf5 Bxg2 22. Kxg2 Nxf5 23. Nxf5+ Rxf5 24. Rxf5 Qxf5 25. Rf1 Qd7 26. Ne4 Ne6 27. h4 Rd8 28. Rf6 Rf8 29. Rxf8 Nxf8 30. Qg5 Qe6 31. h5 h6 32. Qh4 gxh5 33. Qxh5 Ng6 34. Qh3 Qe7 35. Qf5 Qf8 36. Qxf8+ Nxf8 37. Kf3 Kf7 38. Nc3 Nd7 39. Nd5 b5 40. a4 bxa4 41. bxa4 a5 42. Kg4 Kg6 43. Kh4 Nb8 44. Nc3 Nd7 45. Ne4 h5 46. Kh3 Kf5 47. Nd6+ Kg5 48. Nb7 Kf5 49. Kh4 Kg6 50. Nxa5 Nb6 51. Nc6 Nxa4 52. Nxe5+ Kf5 53. Nd7 Kg6 54. Kh3 Kg5 55. Kg2 Kf5 56. Kf3 Ke6 57. Nb8 Ke5 58. Nc6+ Kd6 59. Na5 Nb6 60. Kf4 Nd7 61. Kf5 Ke7 62. Nb7 Kf7 63. Nd6+ Ke7 64. Ne4 Kf7 65. Ng5+ Ke7 66. Ne6 Kf7 67. Nf4 Nf6 68. Ke5 1-0

[Event "FRA-ch U16"]
[Site "Saint Paul Trois Chateaux"]
[Date "2013.04.28"]
[Round "1"]
[White "Purenne, Benoit"]
[Black "Alloui Cros, Baptiste"]
[Result "1-0"]
[WhiteElo "2250"]
[BlackElo "1782"]
[PlyCount "65"]
[EventDate "2013.04.28"]
[EventType "swiss"]
[EventRounds "9"]
[EventCountry "FRA"]
[SourceTitle "CBM 154 Extra"]
[Source "ChessBase"]
[SourceDate "2013.06.25"]
[SourceVersion "2"]
[SourceVersionDate "2013.06.25"]
[SourceQuality "1"]

1. d4 Nf6 2. c4 g6 3. Nc3 Bg7 4. e4 d6 5. Nge2 0-0 6. f3 c5 7. d5 e6 8. Ng3 exd5 9. cxd5 a6 10. a4 h5 11. Bg5 Qa5 12. Qd2 b5 13. Be2 Re8 14. 0-0 b4 15. Nd1 Nh7 16. Bh4 Qb6 17. Kh1 f6 18. f4 Qd8 19. Ne3 g5 20. fxg5 fxg5 21. Bxh5 gxh4 22. Bxe8 Qxe8 23. Ngf5 Qd8 24. Rf4 Bxf5 25. Nxf5 Qg5 26. Nxg7 Kxg7 27. Raf1 Nf6 28. Qf2 Nbd7 29. Rf5 Qh6 30. g4 Nxd5 31. exd5 Re8 32. Qc2 Kg8 33. Rf7 1-0

[Event "Avoine op 27th"]
[Site "Avoine"]
[Date "2012.07.26"]
[Round "6"]
[White "Purenne, Benoit"]
[Black "Charrais, Kevin"]
[Result "1-0"]
[WhiteElo "2167"]
[BlackElo "1920"]
[PlyCount "63"]
[EventDate "2012.07.21"]
[EventType "swiss"]
[EventRounds "9"]
[EventCountry "FRA"]
[SourceTitle "CBM 149 Extra"]
[Source "ChessBase"]
[SourceDate "2012.08.24"]
[SourceVersion "1"]
[SourceVersionDate "2012.08.24"]
[SourceQuality "1"]

1. d4 d5 2. c4 c6 3. cxd5 cxd5 4. Nf3 Nf6 5. Nc3 Nc6 6. Bf4 Qb6 7. Qb3 Qa5 8. e3 e6 9. Bd3 Be7 10. h3 0-0 11. 0-0 a6 12. Rfc1 Ne8 13. a3 Bd6 14. Ne5 Rb8 15. Na4 Qd8 16. Qc2 Bxe5 17. dxe5 h6 18. Nc5 Ne7 19. b4 b5 20. a4 d4 21. e4 Ng6 22. Bh2 Qg5 23. axb5 axb5 24. Qb2 Nxe5 25. f4 Nxd3 26. Nxd3 Qd8 27. f5 Nd6 28. Qxd4 Qb6 29. Nc5 Rd8 30. fxe6 fxe6 31. Qe5 Rb7 32. Ra6 1-0

[Event "FRA-chT Top 12"]
[Site "Belfort"]
[Date "2012.06.09"]
[Round "10.5"]
[White "Purenne, Benoit"]
[Black "Brunner, Nicolas"]
[Result "0-1"]
[WhiteElo "2164"]
[BlackElo "2439"]
[PlyCount "128"]
[EventDate "2012.05.31"]
[EventType "team-tourn"]
[EventRounds "11"]
[EventCountry "FRA"]
[SourceTitle "CBM 148 Extra"]
[Source "ChessBase"]
[SourceDate "2012.06.22"]
[SourceVersion "1"]
[SourceVersionDate "2012.06.22"]
[SourceQuality "1"]
[WhiteTeam "Guingamp"]
[BlackTeam "Vandoeuvre"]
[WhiteTeamCountry "FRA"]
[BlackTeamCountry "FRA"]

1. d4 Nf6 2. c4 e6 3. Nc3 Bb4 4. Qc2 0-0 5. e4 d6 6. a3 Bxc3+ 7. bxc3 e5 8. Bd3 c5 9. d5 Nh5 10. Ne2 Nd7 11. g4 Nhf6 12. f3 Ne8 13. h4 g6 14. Ng3 Ng7 15. Bh6 f6 16. Ke2 Rf7 17. Rh2 Nf8 18. Rg2 a6 19. a4 Bd7 20. Rgg1 Rb8 21. Qb3 b6 22. Rh1 Be8 23. g5 fxg5 24. Bxg5 Qc8 25. Rag1 Qd7 26. Bh6 Qxa4 27. Qb2 Qd7 28. h5 b5 29. Bb1 Qb7 30. Qd2 bxc4 31. Bc2 Qd7 32. Nf5 Nxf5 33. exf5 Rxf5 34. Bxf5 Qxf5 35. Rg5 Qf6 36. Rgg1 a5 37. Rb1 Rb3 38. Qg5 Qxg5 39. Bxg5 gxh5 40. Kd2 Ng6 41. Rxb3 cxb3 42. c4 a4 43. Kc3 h4 44. Kb2 h5 45. Bxh4 Nxh4 46. Rxh4 Kg7 47. f4 Kf6 48. fxe5+ Kxe5 49. Kc3 Bg6 50. Rh1 Kf4 51. Rf1+ Kg5 52. Rg1+ Kh6 53. Rh1 Bf5 54. Kb2 Kg5 55. Rh2 h4 56. Rg2+ Bg4 57. Ka3 h3 58. Rf2 Kh4 59. Kxa4 Kg3 60. Rb2 h2 61. Rb1 Bf3 62. Kxb3 h1Q 63. Rxh1 Bxh1 64. Ka4 Kf4 0-1

[Event "FRA-ch U16"]
[Site "Nimes"]
[Date "2012.04.21"]
[Round "9"]
[White "Viennot, Dylan"]
[Black "Purenne, Benoit"]
[Result "1-0"]
[WhiteElo "2115"]
[BlackElo "2182"]
[PlyCount "115"]
[EventDate "2012.04.14"]
[EventType "swiss"]
[EventRounds "9"]
[EventCountry "FRA"]
[SourceTitle "CBM 148 Extra"]
[Source "ChessBase"]
[SourceDate "2012.06.22"]
[SourceVersion "1"]
[SourceVersionDate "2012.06.22"]
[SourceQuality "1"]

1. e4 g6 2. d4 c6 3. Nc3 Bg7 4. h4 h5 5. Bc4 Nh6 6. Nge2 d5 7. exd5 Nf5 8. Bf4 0-0 9. Qd2 b5 10. dxc6 Nxc6 11. Nxb5 a6 12. Na3 Bb7 13. c3 e5 14. Bg5 Qc7 15. d5 Na5 16. Bd3 Nd6 17. f3 f5 18. Bh6 e4 19. Bxg7 Qxg7 20. fxe4 fxe4 21. Bc2 Ndc4 22. Nxc4 Nxc4 23. Qd4 Qxd4 24. Nxd4 Ne3 25. Ke2 Nxg2 26. c4 Bc8 27. Bxe4 Bg4+ 28. Kd3 Nf4+ 29. Kc3 Rae8 30. Rae1 Kg7 31. Bd3 Ng2 32. Rxe8 Rxe8 33. Rh2 Nf4 34. Rf2 Nh3 35. Rd2 Re3 36. c5 Kf6 37. Kc4 Nf4 38. d6 Ke5 39. Nc6+ Kf6 40. Nb4 Ke5 41. a4 Be6+ 42. Kc3 a5 43. Nc6+ Kd5 44. Nxa5 Kxc5 45. b4+ Kd5 46. Kc2 Ke5 47. d7 Bxd7 48. Nc4+ Kd4 49. Bf1+ Ke4 50. Rxd7 Rg3 51. a5 Nd5 52. Rxd5 Kxd5 53. a6 Kc6 54. b5+ Kc7 55. Bd3 Rg4 56. b6+ Kb8 57. Ne5 Rg2+ 58. Kc3 1-0

[Event "Sautron op 11th"]
[Site "Sautron"]
[Date "2011.10.29"]
[Round "9"]
[White "Purenne, Benoit"]
[Black "Jaouen, Valentin"]
[Result "0-1"]
[WhiteElo "2086"]
[BlackElo "1888"]
[PlyCount "48"]
[EventDate "2011.10.22"]
[EventType "swiss"]
[EventRounds "9"]
[EventCountry "FRA"]
[SourceTitle "EXT 2016"]
[Source "ChessBase"]
[SourceDate "2015.10.08"]
[SourceVersion "1"]
[SourceVersionDate "2015.10.08"]
[SourceQuality "1"]

1. Nf3 e6 2. c4 b6 3. g3 f5 4. Bg2 Bb7 5. d4 Nf6 6. 0-0 g6 7. d5 exd5 8. Nd4 Bg7 9. cxd5 Na6 10. Nc3 Nc5 11. Bf4 Nce4 12. Ndb5 Nxc3 13. bxc3 d6 14. Nd4 Qd7 15. Ne6 Ne4 16. Bxe4 fxe4 17. Rc1 Kf7 18. c4 Rhe8 19. Ng5+ Kg8 20. Qc2 Qf5 21. f3 exf3 22. e4 Qg4 23. Nxf3 Rf8 24. Qd3 Rxf4 0-1

[Event "FRA-ch op-A"]
[Site "Caen"]
[Date "2011.08.20"]
[Round "5"]
[White "Purenne, Benoit"]
[Black "Helie, Marc"]
[Result "1-0"]
[WhiteElo "2006"]
[BlackElo "2105"]
[PlyCount "111"]
[EventDate "2011.08.16"]
[EventType "swiss"]
[EventRounds "11"]
[EventCountry "FRA"]
[SourceTitle "CBM 144 Extra"]
[Source "ChessBase"]
[SourceDate "2011.10.28"]
[SourceVersion "1"]
[SourceVersionDate "2011.10.28"]
[SourceQuality "1"]

1. d4 Nf6 2. c4 g6 3. Nc3 Bg7 4. e4 d6 5. f3 0-0 6. Nge2 c5 7. d5 e6 8. Ng3 exd5 9. cxd5 b6 10. Bg5 h6 11. Be3 Ba6 12. Be2 Bxe2 13. Qxe2 Re8 14. 0-0 a6 15. a4 Nbd7 16. Rae1 Ne5 17. f4 Neg4 18. Bc1 h5 19. h3 h4 20. Nh1 Nh6 21. g4 hxg3 22. Nxg3 Nh7 23. Qf3 Qh4 24. Kg2 f5 25. exf5 Rxe1 26. Rxe1 Nxf5 27. Nce4 Re8 28. Qg4 Qxg4 29. hxg4 Nxg3 30. Kxg3 b5 31. axb5 axb5 32. Kf3 c4 33. g5 b4 34. Bd2 b3 35. Bc3 Bxc3 36. bxc3 Rd8 37. Ke3 Nf8 38. Kd4 Nd7 39. Kxc4 Nb6+ 40. Kd4 Na4 41. Rb1 b2 42. c4 Kf8 43. Nc3 Nc5 44. Rxb2 Ke7 45. Ne4 Nxe4 46. Kxe4 Rd7 47. Kd4 Ra7 48. Re2+ Kf7 49. Re6 Ra6 50. Kc3 Rb6 51. Rf6+ Kg7 52. c5 Rb5 53. Rxd6 Rxc5+ 54. Kd4 Rc1 55. Rd7+ Kf8 56. Ke5 1-0

[Event "Avoine op 26th"]
[Site "Avoine"]
[Date "2011.07.31"]
[Round "9"]
[White "Bujisho, Benjamin"]
[Black "Purenne, Benoit"]
[Result "0-1"]
[WhiteElo "2369"]
[BlackElo "2006"]
[PlyCount "172"]
[EventDate "2011.07.23"]
[EventType "swiss"]
[EventRounds "9"]
[EventCountry "FRA"]
[SourceTitle "EXT 2012"]
[Source "ChessBase"]
[SourceDate "2011.11.24"]
[SourceVersion "1"]
[SourceVersionDate "2011.11.24"]
[SourceQuality "1"]

1. Nf3 Nf6 2. d4 e6 3. e3 d5 4. c4 Nbd7 5. Bd3 Bd6 6. Nc3 0-0 7. 0-0 c5 8. h3 dxc4 9. Bxc4 e5 10. Re1 b6 11. dxc5 Nxc5 12. b4 Ne6 13. Qb3 e4 14. Nd4 Ng5 15. Bf1 Be6 16. Nxe6 fxe6 17. Bb2 Qe8 18. Nb5 Bb8 19. Bxf6 Rxf6 20. Red1 h6 21. Rd2 a6 22. Nc3 Be5 23. Rad1 Qh5 24. Qc2 Nxh3+ 25. gxh3 Rg6+ 26. Bg2 Qf3 27. Qxe4 Rxg2+ 28. Kf1 Qxe4 29. Nxe4 Rh2 30. Rd8+ Rxd8 31. Rxd8+ Kh7 32. Re8 Kg6 33. Nd2 Kf6 34. Rf8+ Ke7 35. Ra8 Bc3 36. Ne4 Bxb4 37. Rxa6 Ba5 38. Ra7+ Kf8 39. Nc5 bxc5 40. Rxa5 Rxh3 41. Rxc5 Rh1+ 42. Kg2 Ra1 43. Ra5 Kf7 44. Ra8 Kf6 45. a4 Kf5 46. a5 e5 47. a6 Kg4 48. Rg8 Rxa6 49. Rxg7+ Kf5 50. Kf3 Rg6 51. Re7 Re6 52. Ra7 Rb6 53. Ra5 Rb4 54. Kg3 Re4 55. Ra6 Rg4+ 56. Kh3 Rg6 57. Ra4 Rg1 58. Kh2 Rg4 59. Ra8 Rg6 60. f3 Rb6 61. Kg3 Rg6+ 62. Kf2 Ke6 63. Ke2 Kf5 64. Ra5 Rd6 65. Kf2 Rg6 66. Rb5 h5 67. Rb8 Ke6 68. Rh8 Rg5 69. Ke2 Kf5 70. Kd3 Ke6 71. Ke4 Ke7 72. Ra8 Kf7 73. Kd5 Kf6 74. e4 Kf7 75. Ra7+ Kf6 76. Ra6+ Kg7 77. Re6 h4 78. Ra6 h3 79. Ra1 h2 80. Rh1 Rh5 81. Kc4 Kf6 82. Kd3 Kg5 83. Ke3 Rh3 84. Kf2 Kf4 85. Kg2 Rh8 86. Kf2 Ra8 0-1

[Event "Avoine op 26th"]
[Site "Avoine"]
[Date "2011.07.29"]
[Round "7"]
[White "Stephan, Victor"]
[Black "Purenne, Benoit"]
[Result "0-1"]
[WhiteElo "2280"]
[BlackElo "2006"]
[PlyCount "210"]
[EventDate "2011.07.23"]
[EventType "swiss"]
[EventRounds "9"]
[EventCountry "FRA"]
[SourceTitle "EXT 2012"]
[Source "ChessBase"]
[SourceDate "2011.11.24"]
[SourceVersion "1"]
[SourceVersionDate "2011.11.24"]
[SourceQuality "1"]

1. Nf3 Nf6 2. c4 e6 3. b3 b6 4. g3 Bb7 5. Bg2 Be7 6. 0-0 0-0 7. Bb2 c5 8. Nc3 d5 9. cxd5 Nxd5 10. Qc2 Nc6 11. Rac1 Rc8 12. Qb1 Re8 13. Rfd1 Bf6 14. a3 Qe7 15. e3 Na5 16. Na2 e5 17. e4 Nc7 18. b4 Nb3 19. Rc3 Nd4 20. Re1 Ncb5 21. Rcc1 Nb3 22. Rcd1 N5d4 23. Bxd4 Nxd4 24. Nxd4 cxd4 25. Qb3 Qe6 26. Qxe6 fxe6 27. Rc1 Ba6 28. Bf1 d3 29. h4 g5 30. Re3 Bc4 31. Nc3 Red8 32. Na4 gxh4 33. gxh4 Bxh4 34. Bxd3 Bb3 35. Rxc8 Rxc8 36. Bb5 Bxa4 37. Bxa4 Rf8 38. f3 Rd8 39. Bb3 Rxd2 40. Bxe6+ Kg7 41. Rc3 Kf6 42. Bg4 h6 43. Rc7 a5 44. Rd7 Rd4 45. Rb7 Kg5 46. Rxb6 h5 47. Bh3 axb4 48. axb4 Kf4 49. Bg2 Bg3 50. Rf6+ Ke3 51. Ra6 Rd1+ 52. Bf1 Kxf3 53. Ra3+ Kg4 54. Ra8 h4 55. b5 Rb1 56. b6 Rxb6 57. Ra1 Rb4 58. Be2+ Kf4 59. Ra7 Ke3 60. Bf1 Kf4 61. Bg2 Kg4 62. Bf1 Bf4 63. Be2+ Kg5 64. Rc7 Rb1+ 65. Kg2 Be3 66. Rc8 Rg1+ 67. Kh2 Kf4 68. Rh8 Kxe4 69. Rxh4+ Kd5 70. Bf3+ Kd6 71. Rg4 Ra1 72. Rc4 Ke6 73. Be4 Kf6 74. Kg2 Kg5 75. Kf3 Bd4 76. Rc2 Ra3+ 77. Kg2 Kf4 78. Bd5 e4 79. Bxe4 Kxe4 80. Re2+ Be3 81. Rb2 Kf5 82. Rb5+ Kg4 83. Rb4+ Bf4 84. Rb2 Rh3 85. Re2 Be3 86. Rc2 Rg3+ 87. Kf1 Kf3 88. Rf2+ Ke4 89. Rg2 Rh3 90. Ke2 Rh1 91. Rg8 Rh2+ 92. Kd1 Kd3 93. Rd8+ Bd4 94. Re8 Rg2 95. Rc8 Rg6 96. Rc7 Rg2 97. Rc8 Rd2+ 98. Kc1 Rf2 99. Kb1 Rf1+ 100. Rc1 Rf8 101. Ka2 Bc3 102. Kb3 Rb8+ 103. Ka2 Kc4 104. Rd1 Ra8+ 105. Kb1 Kb3 0-1

[Event "Avoine op 26th"]
[Site "Avoine"]
[Date "2011.07.28"]
[Round "6"]
[White "Purenne, Benoit"]
[Black "Gaftarnik, Olivier"]
[Result "1-0"]
[WhiteElo "2006"]
[BlackElo "1845"]
[PlyCount "113"]
[EventDate "2011.07.23"]
[EventType "swiss"]
[EventRounds "9"]
[EventCountry "FRA"]
[SourceTitle "EXT 2012"]
[Source "ChessBase"]
[SourceDate "2011.11.24"]
[SourceVersion "1"]
[SourceVersionDate "2011.11.24"]
[SourceQuality "1"]

1. d4 d5 2. Nf3 Nf6 3. e3 Nbd7 4. Bd3 c5 5. b3 cxd4 6. exd4 e6 7. 0-0 Be7 8. Bb2 0-0 9. Ne5 Ne8 10. f4 f6 11. Qh5 f5 12. c4 Nef6 13. Qe2 Ne4 14. Bxe4 fxe4 15. cxd5 exd5 16. Nc3 Nxe5 17. fxe5 Be6 18. Rxf8+ Bxf8 19. Rc1 Rc8 20. Nd1 Rxc1 21. Bxc1 Qb6 22. Be3 Bb4 23. Qc2 Qb5 24. Kf2 Kf7 25. h3 Qc6 26. Qxc6 bxc6 27. Ke2 Bc8 28. Bd2 Ba6+ 29. Ke1 Ba3 30. Bc3 Bd3 31. Bb2 Be7 32. g3 Ba6 33. Bc3 Bd3 34. Bb2 Ke6 35. h4 Kf5 36. Ne3+ Ke6 37. Kd2 Bb1 38. a4 g5 39. h5 Bd3 40. g4 Ba6 41. Kc3 Be2 42. b4 Kd7 43. Ba3 a6 44. Kd2 Bf3 45. Kc3 Be2 46. Kc2 Bf3 47. Kd2 Ke6 48. b5 cxb5 49. Bxe7 Kxe7 50. axb5 axb5 51. Nxd5+ Kd8 52. Nf6 h6 53. d5 b4 54. d6 b3 55. e6 e3+ 56. Kxe3 Bc6 57. Kd2 1-0

[Event "FRA-ch U14"]
[Site "Montlucon"]
[Date "2011.04.22"]
[Round "7"]
[White "Kern, Nicolas"]
[Black "Purenne, Benoit"]
[Result "0-1"]
[WhiteElo "1769"]
[BlackElo "1940"]
[PlyCount "76"]
[EventDate "2011.04.17"]
[EventType "swiss"]
[EventRounds "9"]
[EventCountry "FRA"]
[SourceTitle "CBM 142 Extra"]
[Source "ChessBase"]
[SourceDate "2011.06.27"]
[SourceVersion "1"]
[SourceVersionDate "2011.06.27"]
[SourceQuality "1"]

1. e4 c5 2. Nc3 Nc6 3. g3 g6 4. Bg2 Bg7 5. d3 d6 6. Be3 Nd4 7. Qd2 Qa5 8. f4 Nf6 9. h3 Nh5 10. Bf2 e5 11. Nge2 0-0 12. 0-0 Nxe2+ 13. Qxe2 exf4 14. g4 Ng3 15. Bxg3 fxg3 16. Nd1 Be6 17. c3 Rae8 18. Ne3 Qd8 19. Rf3 Qh4 20. Qe1 Be5 21. Nf1 f5 22. gxf5 gxf5 23. Nxg3 f4 24. Ne2 Qg5 25. d4 cxd4 26. cxd4 Bg7 27. Qf2 Bc4 28. Nc3 Re6 29. Kh2 Rg6 30. Rg1 Qg3+ 31. Rxg3 fxg3+ 32. Qxg3 Rxg3 33. Kxg3 Bxd4 34. Rd1 Be5+ 35. Kh4 Rf4+ 36. Kg5 Kg7 37. Rd5 h6+ 38. Kh5 Be2+ 0-1

[Event "FRA-ch U14"]
[Site "Montlucon"]
[Date "2011.04.20"]
[Round "5"]
[White "Poulet, Pierre Emmanuel"]
[Black "Purenne, Benoit"]
[Result "0-1"]
[WhiteElo "1903"]
[BlackElo "1940"]
[PlyCount "170"]
[EventDate "2011.04.17"]
[EventType "swiss"]
[EventRounds "9"]
[EventCountry "FRA"]
[SourceTitle "CBM 142 Extra"]
[Source "ChessBase"]
[SourceDate "2011.06.27"]
[SourceVersion "1"]
[SourceVersionDate "2011.06.27"]
[SourceQuality "1"]

1. e4 c5 2. Nc3 Nc6 3. g3 g6 4. Bg2 Bg7 5. d3 d6 6. Be3 Nd4 7. Qd2 Qa5 8. Nge2 Nxe2 9. Kxe2 e6 10. Rhe1 h5 11. h3 Ne7 12. Kf1 e5 13. Nd1 Qxd2 14. Bxd2 Be6 15. Ne3 Kd7 16. a3 h4 17. g4 f5 18. Bf3 Bh6 19. Ke2 Bxe3 20. Bxe3 f4 21. Bd2 Nc6 22. Bc3 b5 23. b3 Nd8 24. a4 b4 25. Bb2 Nf7 26. Bg2 Ng5 27. f3 Rac8 28. Rh1 Rc6 29. Rac1 Rhc8 30. Kd2 Ke7 31. Rhf1 Kf6 32. Rfe1 Bf7 33. Ba1 Rd8 34. Re2 Ne6 35. Rce1 Rdc8 36. Rc1 Nd8 37. Ree1 R6c7 38. Bf1 Nc6 39. Rb1 Nb8 40. Bg2 Nd7 41. Rbc1 Nb6 42. Bf1 Be8 43. Rb1 Rb8 44. Rb2 Bc6 45. Rbb1 Rbc8 46. Bg2 Re8 47. Re2 Rce7 48. Rbe1 a5 49. Bf1 d5 50. Bg2 dxe4 51. fxe4 Rd7 52. Kc1 Kg5 53. Bf3 Bb7 54. Rf2 Ba6 55. Be2 Nc8 56. Ref1 Rf7 57. Rf3 Nd6 58. R1f2 Re6 59. Bf1 Bb7 60. Re2 Rff6 61. Bb2 Kh6 62. Rg2 Nf7 63. Rgf2 Ng5 64. Bxe5 Rxe5 65. Rxf4 Rxf4 66. Rxf4 Re7 67. Kd2 Ne6 68. Rf2 Kg5 69. Ke3 Nd4 70. Bg2 Bc6 71. Kd2 Be8 72. Rf8 Rf7 73. Rxe8 Rf2+ 74. Ke1 Rxg2 75. Re5+ Kf4 76. Rxc5 Rh2 77. Rxa5 Rxh3 78. Ra8 Rh2 79. a5 h3 80. a6 Rh1+ 81. Kd2 h2 82. Rf8+ Kg3 83. a7 Rd1+ 84. Kxd1 h1Q+ 85. Kd2 Qh6+ 0-1